Nói tiếng Hàn cấp tốc = Quick Korean
محفوظ في:
| المؤلف الرئيسي: | |
|---|---|
| التنسيق: | قرص مضغوط |
| منشور في: |
Tp. Hồ Chí Minh :
Tổng hợp,
2018.
|
| الوسوم: |
إضافة وسم
لا توجد وسوم, كن أول من يضع وسما على هذه التسجيلة!
|
| Thư viện lưu trữ: | Thư viện Trường Đại học Đà Lạt |
|---|
| LEADER | 00745nam a2200301 4500 | ||
|---|---|---|---|
| 001 | DLU190189638 | ||
| 005 | ##20190308 | ||
| 040 | # | # | |a DLU |b vie |
| 041 | # | # | |a viekor |
| 044 | # | # | |a vn |
| 082 | # | # | |a 495.783 |b CH-K |
| 100 | # | # | |a Chimnarong, Khrongkhwan. |
| 245 | # | # | |a Nói tiếng Hàn cấp tốc = |b Quick Korean |h [Đĩa CD-ROM] / |c Khrongkhwan Chimnarong |
| 246 | # | # | |a Quick Korean |
| 256 | # | # | |a 4 3/4 in. |
| 260 | # | # | |a Tp. Hồ Chí Minh : |b Tổng hợp, |c 2018. |
| 300 | # | # | |a 1 đĩa CD-ROM ; |c 4 3/4 in. |
| 923 | # | # | |a 05/2018 |
| 992 | # | # | |a 0 |
| 994 | # | # | |a DLU |
| 900 | # | # | |a True |
| 911 | # | # | |a Nguyễn Thanh Hương |
| 925 | # | # | |a CD |
| 926 | # | # | |a A |
| 927 | # | # | |a CD |
| 980 | # | # | |a Thư viện Trường Đại học Đà Lạt |